000 00571nam a2200181 i 4500
001 36812
003 ES-MaACL
005 20230906155440.0
007 t|
008 030219s1967 sp ||||1| spa d
100 1 _aBull, George.
_932502
245 1 0 _aPolítica Vaticana en el Concilio Vaticano II, 1962-1965 /
_cGeorge Bull ; [traducción española: Javier González Pueyo].
250 _a[1ª ed.].
260 _aBarcelona :
_bOikos-Tau,
_c[1967]
300 _a148 p. ;
_c21 cm.
700 1 _aGonzález-Pueyo, Javier.
_958888
852 _aES-MaACL
_jC-32319
_bR.62752
999 _c36812
_d36812